<?xml version="1.0" encoding="UTF-8"?><?xml-stylesheet type="text/xsl" href="static/style.xsl"?><OAI-PMH xmlns="http://www.openarchives.org/OAI/2.0/" xmlns:xsi="http://www.w3.org/2001/XMLSchema-instance" xsi:schemaLocation="http://www.openarchives.org/OAI/2.0/ http://www.openarchives.org/OAI/2.0/OAI-PMH.xsd"><responseDate>2026-04-17T04:13:45Z</responseDate><request verb="GetRecord" identifier="oai:www.recercat.cat:2117/173094" metadataPrefix="marc">https://recercat.cat/oai/request</request><GetRecord><record><header><identifier>oai:recercat.cat:2117/173094</identifier><datestamp>2025-07-17T16:35:55Z</datestamp><setSpec>com_2072_1033</setSpec><setSpec>col_2072_452951</setSpec></header><metadata><record xmlns="http://www.loc.gov/MARC21/slim" xmlns:dcterms="http://purl.org/dc/terms/" xmlns:xsi="http://www.w3.org/2001/XMLSchema-instance" xmlns:doc="http://www.lyncode.com/xoai" xsi:schemaLocation="http://www.loc.gov/MARC21/slim http://www.loc.gov/standards/marcxml/schema/MARC21slim.xsd">
   <leader>00925njm 22002777a 4500</leader>
   <datafield ind2=" " ind1=" " tag="042">
      <subfield code="a">dc</subfield>
   </datafield>
   <datafield ind2=" " ind1=" " tag="720">
      <subfield code="a">Campillos Parra, Gerard</subfield>
      <subfield code="e">author</subfield>
   </datafield>
   <datafield ind2=" " ind1=" " tag="260">
      <subfield code="c">2019-10-09</subfield>
   </datafield>
   <datafield ind2=" " ind1=" " tag="520">
      <subfield code="a">En aquest projecte es planteja el disseny conceptual d’un patinet elèctric intel·ligent, és a dir, un patinet elèctric que dona assistència a l’usuari en la conducció. Donat que es tracta d’un projecte de gran abast, es plantegen unes bases per a desenvolupar un prototip.Es fa una breu introducció sobre els objectius del treball i on s’especifica l’abast d’aquest. També es mostra quin és l’estat de l’art de la tecnologia que està implicada en el projecte, així com els diferents patinets elèctrics que hi ha al mercat i els sistemes d’assistència existents i els vehicles que els fan servir.Pel que fa al disseny conceptual, aquest està centrat en la part més electrònica i elèctrica, concretant els elements necessaris i els sistemes que podrien ser d’utilitat per a un patinet elèctric de mobilitat urbana</subfield>
   </datafield>
   <datafield tag="653" ind2=" " ind1=" ">
      <subfield code="a">Àrees temàtiques de la UPC::Enginyeria mecànica::Disseny i construcció de vehicles</subfield>
   </datafield>
   <datafield tag="653" ind2=" " ind1=" ">
      <subfield code="a">Intelligent transportation systems</subfield>
   </datafield>
   <datafield tag="653" ind2=" " ind1=" ">
      <subfield code="a">Motor scooters</subfield>
   </datafield>
   <datafield tag="653" ind2=" " ind1=" ">
      <subfield code="a">Sistemes de transport intel·ligent</subfield>
   </datafield>
   <datafield tag="653" ind2=" " ind1=" ">
      <subfield code="a">Patinets a motor</subfield>
   </datafield>
   <datafield ind2="0" ind1="0" tag="245">
      <subfield code="a">Disseny d’un patinet intel·ligent</subfield>
   </datafield>
</record></metadata></record></GetRecord></OAI-PMH>